000 01214cam a22003134a 4500
001 11803041
003 OSt
005 20141106151305.0
008 991005s2000 nyu b 001 0 eng
010 _a 99051482
020 _z0333970306
040 _aDLC
_cDLC
_dDLC
042 _apcc
050 0 0 _aHF1418.5
_b.G58184 2000
082 0 0 _a337
_221
_bGLO 2000
245 0 0 _aGlobalization and the politics of resistance /
_cedited by Barry K. Gills ; foreword by John Kenneth Galbraith.
260 _aNew York, N.Y. :
_bSt. Martin's Press,
_c2000.
300 _axxvi, 321 p. ;
_c23 cm.
440 0 _aInternational political economy series
_9970
504 _aIncludes bibliographical references and index.
650 0 _aInternational economic integration.
_91909
650 0 _aCompetition, International.
_91910
650 0 _aGovernment, Resistance to.
_91911
650 0 _aSocial movements.
_9961
700 1 _aGills, Barry K.,
_d1956-
_91912
906 _a7
_bcbc
_corignew
_d1
_eocip
_f19
_gy-gencatlg
942 _2ddc
_cSLOAN
999 _c715
_d715